Hydrology: Principles, analysis and design (Record no. 172943)

MARC details
000 -LEADER
fixed length control field 00411nam a2200157Ia 4500
008 - FIXED-LENGTH DATA ELEMENTS--GENERAL INFORMATION
fixed length control field 230917s9999||||xx |||||||||||||| ||und||
040 ## - CATALOGING SOURCE
-- 204370
Original cataloging agency VIVEKANANDA LIBRARY
041 ## - Language
-- English
082 ## - DDC NUMBER
Classification number 551.48 RI26H(2)
100 ## - MAIN ENTRY--PERSONAL NAME
Personal name Raghunath, H M
245 #0 - TITLE STATEMENT
Title Hydrology: Principles, analysis and design
250 ## - EDITION STATEMENT
Edition statement 2nd ed.
260 ## - PUBLICATION, DISTRIBUTION, ETC. (IMPRINT)
Place of publication, distribution, etc New Delhi
Name of publisher, distributor, etc New Age International
Date of publication, distribution, etc 2011
300 ## - PHYSICAL DESCRIPTION
Pages xii, 463 p.
942 ## - ADDED ENTRY ELEMENTS (KOHA)
Koha item type Books
Holdings
Withdrawn status Lost status Damaged status Not for loan Location (home branch) Sublocation or collection (holding branch) Shelving location Date acquired Koha issues (times borrowed) Koha full call number Accession No. Koha date last seen Koha item type
        VIVEKANANDA LIBRARY VIVEKANANDA LIBRARY UIET Library 19/12/2012   551.48 RI26H(2) 324399 17/09/2023 Books
        VIVEKANANDA LIBRARY VIVEKANANDA LIBRARY UIET Library 19/12/2012   551.48 RI26H(2) 324400 17/09/2023 Books
        VIVEKANANDA LIBRARY VIVEKANANDA LIBRARY UIET Library 19/12/2012   551.48 RI26H(2) 324401 17/09/2023 Books
        VIVEKANANDA LIBRARY VIVEKANANDA LIBRARY UIET Library 19/12/2012   551.48 RI26H(2) 324402 17/09/2023 Books
        VIVEKANANDA LIBRARY VIVEKANANDA LIBRARY UIET Library 19/12/2012   551.48 RI26H(2) 324403 17/09/2023 Books
        VIVEKANANDA LIBRARY VIVEKANANDA LIBRARY UIET Library 19/12/2012   551.48 RI26H(2) 324404 17/09/2023 Books
        VIVEKANANDA LIBRARY VIVEKANANDA LIBRARY UIET Library 19/12/2012 1 551.48 RI26H(2) 324405 04/12/2025 Books
        VIVEKANANDA LIBRARY VIVEKANANDA LIBRARY UIET Library 19/12/2012   551.48 RI26H(2) 324406 17/09/2023 Books
        VIVEKANANDA LIBRARY VIVEKANANDA LIBRARY UIET Library 19/12/2012   551.48 RI26H(2) 324407 17/09/2023 Books
        VIVEKANANDA LIBRARY VIVEKANANDA LIBRARY UIET Library 19/12/2012   551.48 RI26H(2) 324408 17/09/2023 Books
© Designed and Maintained by Vivekananda Library, MDU Rohtak